Nightmare - Avenged Sevenfold - Statistics

General Stats
  • This quiz has been taken 181 times
    179 since last reset
  • The average score is 244 of 411
Answer Stats
answers % Correct
Nightmare
98%
nightmare
98%
you
93%
You
93%
your
90%
Your
90%
be
89%
to
87%
To
87%
a
83%
down
83%
Down
83%
(down),
83%
No
83%
no
83%
for
82%
I
82%
the
82%
life
81%
below,
79%
comes
79%
Ha,
79%
ha,
79%
ha
79%
forever
77%
Now
77%
now
77%
show
76%
An
75%
an
75%
it
75%
devil's
73%
of
73%
Dragged
71%
fuckin'
70%
his
69%
know
69%
guest
68%
it's
68%
price
68%
And
67%
evil
67%
have
67%
hear
67%
should
67%
So
67%
so
67%
that
67%
in
65%
belong
64%
but
64%
But
64%
men
64%
on
64%
is
63%
known
62%
ain't
61%
go
61%
here
61%
here,
61%
up
60%
as
58%
As
58%
end
58%
mind
58%
mind,
58%
God
57%
hurts
57%
yeah
57%
side
56%
they
56%
They
56%
with
56%
With
56%
last
55%
twist
55%
can
54%
fight,
54%
Fight
54%
(fight),
54%
like
54%
not
54%
'Cause
52%
'cause
52%
Hate
52%
hate
52%
(hate)
52%
soul
52%
call,
51%
steal
51%
(steal)
51%
everybody
50%
over
50%
tragic
50%
voices
50%
fate
49%
lookin'
49%
sweat,
49%
yet
49%
fall
48%
(fall)
48%
one
48%
such
48%
Such
48%
clear,
46%
Die
46%
(die),
46%
die
46%
feel
46%
(feel)
46%
never)
46%
we
46%
what
46%
easy
45%
fear
44%
real
44%
You're
44%
air
43%
all
43%
(burn
43%
Can't
43%
Or
43%
wake
43%
while
43%
While
43%
burning,
42%
dancin'
42%
demons
42%
Still
42%
their
42%
choices
40%
may
40%
Ooh,
40%
others
40%
our
40%
seem
40%
smell
40%
where
40%
Where
40%
you'll
40%
hit
39%
Oh
39%
right
39%
again
38%
desire
38%
fail
38%
(fail),
38%
made
38%
respect
38%
sin
38%
(sin)
38%
slave
38%
took
38%
will
38%
another
37%
drenched
37%
looking
37%
Lost
37%
(lost),
37%
time
37%
wall
37%
(wall),
37%
watch
37%
don't
36%
Flesh
36%
head
36%
less
36%
liar
36%
pain
36%
tell
36%
than
36%
wrong
36%
granted
35%
reason
35%
brain
33%
creation)
33%
endeavor)
33%
need
33%
ours
33%
(peace
33%
that's
33%
trigger
33%
until
33%
crawl
32%
(crawl)
32%
from
32%
medicate
32%
old
32%
slowly
32%
above)
31%
how
31%
insane
31%
line
31%
numbers
31%
pull
31%
severed
31%
stand
31%
(calling
30%
Help
30%
just
30%
life's
30%
own
30%
rape
30%
been
29%
sedated
29%
You've
29%
acquaintance
27%
best
27%
complications
27%
intentions
27%
lied
27%
(these
27%
turning
27%
world
27%
fire
26%
(fire),
26%
Haunting,
26%
ink
26%
madness
26%
sight
26%
nerve
25%
Nothing
25%
yearning,
25%
(some
24%
(victim
24%
Beyond
23%
Given
23%
love)
23%
stops
23%
replaceable
21%
signals
21%
without
19%
(loathing
18%
self-assassination)
18%
appeal)
14%
No matching quizzes found
Score Distribution
Percent of People with Each Score
Percentile by Number Answered
Your Score History
You have not taken this quiz since the last reset